The giant germ / (Record no. 4259)

MARC details
000 -LEADER
fixed length control field 01078cam a22003493a 4500
001 - CONTROL NUMBER
control field 4259
003 - CONTROL NUMBER IDENTIFIER
control field FISKH
005 - DATE AND TIME OF LATEST TRANSACTION
control field 20251114100848.0
008 - FIXED-LENGTH DATA ELEMENTS--GENERAL INFORMATION
fixed length control field 010523s2000 nyua b 000 1 eng d
010 ## - LIBRARY OF CONGRESS CONTROL NUMBER
LC control number 2002567922
020 ## - INTERNATIONAL STANDARD BOOK NUMBER
International Standard Book Number 0439204208 (pbk.)
040 ## - CATALOGING SOURCE
Original cataloging agency JJG
Transcribing agency JJG
Modifying agency SLC
-- DLC
Language of cataloging eng
042 ## - AUTHENTICATION CODE
Authentication code lccopycat
050 ## - LIBRARY OF CONGRESS CALL NUMBER
Classification number QR57
082 ## - DEWEY DECIMAL CLASSIFICATION NUMBER
Classification number 579
100 1# - MAIN ENTRY--PERSONAL NAME
Personal name Capeci, Anne.
245 14 - TITLE STATEMENT
Title The giant germ /
Statement of responsibility, etc. [written by Anne Capeci ; illustrations by John Speirs].
260 ## - PUBLICATION, DISTRIBUTION, ETC.
Place of publication, distribution, etc. New York :
Name of publisher, distributor, etc. Scholastic,
Date of publication, distribution, etc. 2000.
300 ## - PHYSICAL DESCRIPTION
Extent 76 pages :
Other physical details illustrations :
Dimensions 20 cm
490 0# - SERIES STATEMENT
Series statement Magic school bus science chapter book ;
Volume/sequential designation Book 6
505 ## - FORMATTED CONTENTS NOTE
Formatted contents note Q<br/>
520 ## - SUMMARY, ETC.
Summary, etc. Miss Frizzle's class discovers the world of microbes.
521 8# - TARGET AUDIENCE NOTE
Target audience note 660<br/>
Source Lexile<br/>
521 8# - TARGET AUDIENCE NOTE
Target audience note Q<br/>
Source Raz-Plus<br/>
650 #0 - SUBJECT ADDED ENTRY--TOPICAL TERM
Topical term or geographic name entry element Microorganisms
Form subdivision Juvenile literature.
650 #0 - SUBJECT ADDED ENTRY--TOPICAL TERM
Topical term or geographic name entry element Microbiology
Form subdivision Juvenile literature.
655 #7 - INDEX TERM--GENRE/FORM
Genre/form data or focus term Children's stories.
Source of term lcsh
700 1# - ADDED ENTRY--PERSONAL NAME
Personal name Speirs, John.
Relator term illustrator
906 ## - LOCAL DATA ELEMENT F, LDF (RLIN)
a 7
b cbc
c copycat
d 2
e ncip
f 20
g y-genrareb
942 ## - ADDED ENTRY ELEMENTS (KOHA)
Source of classification or shelving scheme Dewey Decimal Classification
Koha item type Books
Suppress in OPAC No
Holdings
Withdrawn status Lost status Source of classification or shelving scheme Damaged status Not for loan Collection Home library Current library Shelving location Date acquired Total Checkouts Full call number Barcode Date due Date last seen Date last checked out Price effective from Koha item type Copy number
    Dewey Decimal Classification     Non-Fiction Footprints International School Library Network Toul Kork Campus Footprints International School Library Network Toul Kork Campus TK Primary Library Room(4th Floor), Bookcase 5&6, Shelves 33-56, Orange Books 07/10/2024 1 CAP 579 QR57 FISTK01884 11/25/2025 11/11/2025 11/11/2025 07/10/2024 Books  
    Dewey Decimal Classification     Non-Fiction Footprints International School Library Network Toul Kork Campus Footprints International School Library Network Toul Kork Campus TTP Primary Orange Bookshelves 02/13/2025   CAP 579 QR57 2025-0566   02/13/2025   02/13/2025 Books 2
    Dewey Decimal Classification     Non-Fiction Footprints International School Library Network Toul Kork Campus Footprints International School Library Network Toul Kork Campus TTP Primary Orange Bookshelves 02/13/2025   CAP 579 QR57 2025-0567   02/13/2025   02/13/2025 Books 3
    Dewey Decimal Classification     Non-Fiction Footprints International School Library Network Toul Tom Poung Campus Footprints International School Library Network Toul Tom Poung Campus TTP Primary Orange Bookshelves 04/25/2025   CAP 579 QR57 2025-1124   04/25/2025   04/25/2025 Books 4
    Dewey Decimal Classification     Non-Fiction Footprints International School Library Network Toul Tom Poung Campus Footprints International School Library Network Toul Tom Poung Campus TTP Primary Orange Bookshelves 11/14/2025   CAP 579 QR57 FISBK00321   11/14/2025   11/14/2025 Books 5